000 00242nam a2200097Ia 4500
008 240625s9999 xx 000 0 und d
041 _aeng
082 _a808.20 BHA
100 _aBHATIA KANIKA
245 _aBUSINESS DEVELOPMENT OPPORTUNITIES AND C
999 _c37164
_d37164